000 00413nam a2200157Ia 4500
008 231217s9999 xx 000 0 und d
020 _a8173660387
041 _aEnglish
082 _a001.6424JAV ORF;14
100 _aOrfali, Robert. Harkey, Dan.
245 0 _aClient/server programming with Java and corba
250 _a2nd ed.
260 _c1998
_bWiley
_aNew York
300 _axxxvi, 1022
942 _cAA
999 _c182433
_d182433